[Event "Bhopal op"]
[Site "Bhopal"]
[Date "2019.12.22"]
[Round "3"]
[White "Sahoo, Utkal Ranjan"]
[Black "Nehete, Arnav"]
[Result "1-0"]
[WhiteElo "2329"]
[BlackElo "1778"]
[PlyCount "47"]
[EventDate "2019.12.21"]
[EventType "swiss"]
[EventRounds "10"]
[EventCountry "IND"]
[SourceTitle "CBM 194 Extra"]
[Source "ChessBase"]
[SourceDate "2020.03.31"]
[SourceVersion "1"]
[SourceVersionDate "2020.03.31"]
[SourceQuality "1"]

1. d4 Nf6 2. c4 e6 3. Nc3 Bb4 4. e3 0-0 5. Bd3 d5 6. Nf3 c5 7. a3 Bxc3+ 8. bxc3 dxc4 9. Bxc4 Qc7 10. Ba2 Nbd7 11. 0-0 b6 12. Qe2 Bb7 13. Bb2 e5 14. Rfd1 exd4 15. cxd4 cxd4 16. Rac1 Qb8 17. Nxd4 Nc5 18. Nf5 Ba6 19. Qf3 Nce4 20. Nxg7 Kxg7 21. Qxe4 Bc8 22. Qe7 Kg6 23. Qxf6+ Kh5 24. Rd5+ 1-0

[Event "Mumbai Wealth op U13 4th"]
[Site "Mumbai"]
[Date "2019.01.02"]
[Round "4"]
[White "Nehete, Arnav"]
[Black "Ghadge, Harsh"]
[Result "0-1"]
[WhiteElo "1544"]
[BlackElo "1265"]
[PlyCount "78"]
[EventDate "2018.12.30"]
[EventType "swiss"]
[EventRounds "9"]
[EventCountry "IND"]
[SourceTitle "CBM 188 Extra"]
[Source "ChessBase"]
[SourceDate "2019.02.26"]
[SourceVersion "1"]
[SourceVersionDate "2019.02.26"]
[SourceQuality "1"]

1. d4 Nf6 2. Nf3 e6 3. e3 d5 4. Bd3 c5 5. c3 Bd6 6. Nbd2 Nc6 7. 0-0 0-0 8. Re1 e5 9. e4 dxe4 10. Nxe4 Nxe4 11. Rxe4 f5 12. Bc4+ Kh8 13. Re1 exd4 14. Ng5 Qc7 15. Nxh7 g6 16. Ng5 Kg7 17. h3 Bd7 18. Qd2 f4 19. Nf3 Rac8 20. cxd4 cxd4 21. a3 Rf6 22. Bb5 Bc5 23. b4 Bb6 24. Bb2 Rd8 25. Bxc6 Bxc6 26. Nxd4 Kf7 27. Rad1 Rfd6 28. Qxf4+ Kg8 29. Qg4 Qd7 30. Nxc6 Qxg4 31. Ne7+ Kf7 32. Rxd6 Bxf2+ 33. Kxf2 Qf4+ 34. Kg1 Qxd6 35. g4 Qb6+ 36. Kf1 Qc7 37. g5 Qf4+ 38. Kg1 Qg3+ 39. Kf1 Rd2 0-1

[Event "Panchavati Resha op 3rd"]
[Site "Panchavati"]
[Date "2017.07.20"]
[Round "4"]
[White "Nehete, Arnav"]
[Black "Chandan, Palash N"]
[Result "1/2-1/2"]
[WhiteElo "1311"]
[BlackElo "1644"]
[PlyCount "68"]
[EventDate "2017.07.18"]
[EventType "swiss"]
[EventRounds "10"]
[EventCountry "IND"]
[SourceTitle "EXT 2018"]
[Source "ChessBase"]
[SourceDate "2017.10.13"]
[SourceVersion "1"]
[SourceVersionDate "2017.10.13"]
[SourceQuality "1"]

1. d4 Nf6 2. Nf3 g6 3. Nc3 Bg7 4. e4 d6 5. Be3 0-0 6. Bd3 Nbd7 7. Qd2 Re8 8. 0-0-0 Ng4 9. Kb1 Nxe3 10. Qxe3 c5 11. h4 Qb6 12. Bc4 cxd4 13. Nxd4 Ne5 14. Be2 Bd7 15. h5 Rac8 16. hxg6 hxg6 17. Nd5 Qa5 18. Nb3 Qd8 19. Qxa7 Nc4 20. Bxc4 Rxc4 21. Qe3 Bc6 22. Qd3 Bxd5 23. Qxd5 Qc7 24. Qd3 Rc8 25. Rd2 b5 26. Rh3 Qb7 27. Na5 Qb6 28. Nb3 Ra4 29. Rf3 Qa7 30. Qd5 e6 31. Qxd6 Rxa2 32. e5 Ra8 33. c3 Qa4 34. Qe7 Qe4+ 1/2-1/2